[Event "4NCL Division Four"]
[Site "Warwick, ENG"]
[Date "2023.05.01"]
[Round "11.165"]
[White "Nawalaniec, Leszek"]
[Black "Rao, Shree"]
[Result "1/2-1/2"]
[WhiteElo "1498"]
[BlackElo "1447"]
[PlyCount "87"]
[EventDate "2023.05.01"]
[WhiteTeam "War and Piece B"]
[BlackTeam "Crowthorne B"]

1. e4 e6 2. d4 d5 3. exd5 exd5 4. Bd3 Bd6 5. c3 Ne7 6. Nf3 Bf5 7. O-O O-O 8.
Bg5 f6 9. Bh4 Nbc6 10. Bg3 Qd7 11. Qc2 Bxd3 12. Qxd3 Ng6 13. Nbd2 Nf4 14. Qc2
Ne2+ 15. Kh1 Nxg3+ 16. fxg3 Rae8 17. Rae1 Rxe1 18. Rxe1 Re8 19. Rxe8+ Qxe8 20.
Qb3 Ne7 21. Qxb7 Qa4 22. Qb3 Qa6 23. c4 c6 24. a3 Bc7 25. Qc3 Qb6 26. b4 a6 27.
Nf1 dxc4 28. Ne3 Kf8 29. Qxc4 Qb5 30. Qxb5 cxb5 31. Kg1 Bb6 32. Kf2 Nc6 33. Nc2
Ke7 34. Ke3 Kd6 35. Ke4 Ne7 36. g4 g5 37. Ne3 Ke6 38. Nf5 Nd5 39. Ne3 Nxe3 40.
Kxe3 Kd5 41. h3 Ba7 42. Kd3 h6 43. Ke3 Bb6 44. Kd3 1/2-1/2

[Event "4NCL Division Four"]
[Site "Warwick, ENG"]
[Date "2023.05.01"]
[Round "11.166"]
[White "Coates, Christine"]
[Black "Bradley, Eric"]
[Result "0-1"]
[WhiteElo "1297"]
[BlackElo "1234"]
[PlyCount "108"]
[EventDate "2023.05.01"]
[WhiteTeam "Crowthorne B"]
[BlackTeam "War and Piece B"]

1. e4 d6 2. Bc4 Nf6 3. Nc3 Nbd7 4. d3 h6 5. Bd2 e5 6. Qe2 Be7 7. O-O-O c6 8. f3
b5 9. Bb3 b4 10. Na4 c5 11. Bd5 Nxd5 12. exd5 Qa5 13. b3 Nb6 14. Kb2 Nxa4+ 15.
bxa4 Qxa4 16. Ra1 Qa3+ 17. Kb1 Bf6 18. Bc1 Qa4 19. Bb2 Bb7 20. Qe4 O-O 21. Qc4
a5 22. Qb3 Qd7 23. a4 c4 24. dxc4 Ba6 25. Ne2 Rac8 26. Qe3 Bxc4 27. Rd1 Qb7 28.
Nc1 Bxd5 29. Nb3 Bxb3 30. Qxb3 Rfd8 31. Rd5 Rc5 32. Rd2 d5 33. Ka2 d4 34. Rad1
Qd5 35. Qxd5 Rcxd5 36. Kb3 Rc5 37. Rd3 Bg5 38. Bc1 Bxc1 39. Rxc1 Rc3+ 40. Kb2
Rdc8 41. h3 f6 42. g4 Kf7 43. h4 Ke6 44. h5 Rxd3 45. cxd3 Rxc1 46. Kxc1 Kd5 47.
Kc2 Kc5 48. Kb3 Kd5 49. Kc2 Ke6 50. Kb3 f5 51. Kc4 fxg4 52. fxg4 Kf6 53. Kb5 e4
54. dxe4 d3 0-1

[Event "4NCL Division Four"]
[Site "Daventry, ENG"]
[Date "2022.11.06"]
[Round "2.11"]
[White "Hampton, Christopher"]
[Black "Jogstad, Martin"]
[Result "0-1"]
[WhiteElo "1978"]
[BlackElo "2386"]
[PlyCount "80"]
[EventDate "2022.11.06"]
[WhiteTeam "Anglian Avengers 2"]
[BlackTeam "CSC/Kingston 1"]

1. d4 d5 2. c4 e6 3. Nc3 a6 4. cxd5 exd5 5. Nf3 h6 6. Bf4 Nf6 7. h3 Bd6 8. Bxd6
Qxd6 9. e3 Bf5 10. Bd3 Bxd3 11. Qxd3 Nbd7 12. O-O O-O 13. Rac1 c6 14. Na4 Ne4
15. Qc2 Qe7 16. Nc5 Nd6 17. Nxd7 Qxd7 18. Ne5 Qe7 19. b4 Rfd8 20. a4 g6 21. Qe2
Kg7 22. Qd3 h5 23. Qe2 Rh8 24. f3 Rae8 25. Rce1 Nf5 26. Qf2 Qxb4 27. g4 Nd6 28.
Qg3 Re6 29. Nd3 Qc3 30. Nf4 Rxe3 31. Ne2 Qa3 32. Nf4 h4 33. Qf2 Rhe8 34. Ng2
Rxe1 35. Rxe1 Rxe1+ 36. Nxe1 Qxa4 37. Qe3 Nc4 38. Qe7 Qa3 39. Qxh4 Qc3 40. Kg2
Qxd4 0-1

[Event "4NCL Division Four"]
[Site "Daventry, ENG"]
[Date "2022.11.06"]
[Round "2.12"]
[White "Finn, Peter"]
[Black "Abbott, Nathan J"]
[Result "1-0"]
[WhiteElo "2175"]
[BlackElo "1891"]
[PlyCount "93"]
[EventDate "2022.11.06"]
[WhiteTeam "CSC/Kingston 1"]
[BlackTeam "Anglian Avengers 2"]

1. e4 e5 2. Bc4 Nf6 3. d3 Bc5 4. Nf3 d6 5. O-O Bg4 6. h3 Bh5 7. Nbd2 O-O 8. c3
Nbd7 9. Re1 c6 10. Nf1 d5 11. Bb3 dxe4 12. dxe4 Qb6 13. Qe2 Nxe4 14. Qxe4 Bxf2+
15. Kh1 Nf6 16. Be3 Nxe4 17. Bxb6 Bxe1 18. Rxe1 axb6 19. Rxe4 Bxf3 20. gxf3
Rfe8 21. Ne3 Kf8 22. Nc4 f6 23. Nxb6 Rad8 24. Re2 Rd3 25. Kg2 g6 26. Na4 Rd7
27. Nc5 Rde7 28. Rd2 Kg7 29. Kf2 f5 30. Rd6 e4 31. fxe4 fxe4 32. Ne6+ Kh6 33.
Ke3 Rf7 34. Bd1 Rf1 35. Bg4 Rg1 36. Kf2 Ra1 37. a3 Re7 38. Rd2 Rf7+ 39. Ke3
Rff1 40. Kxe4 Rfb1 41. Kf4 Ra2 42. Rd7 Raxb2 43. Ng5 Rf2+ 44. Bf3 Rxf3+ 45.
Nxf3 Rb5 46. Ne5 g5+ 47. Kf5 1-0

[Event "4NCL Division Four"]
[Site "Daventry, ENG"]
[Date "2022.11.06"]
[Round "2.13"]
[White "Slonczuk, Pawel"]
[Black "Rice, Chris B"]
[Result "0-1"]
[WhiteElo "1709"]
[BlackElo "1974"]
[PlyCount "86"]
[EventDate "2022.11.06"]
[WhiteTeam "Anglian Avengers 2"]
[BlackTeam "CSC/Kingston 1"]

1. d4 Nf6 2. c4 g6 3. Nc3 Bg7 4. e4 d6 5. Nf3 O-O 6. Be2 e5 7. Be3 Ng4 8. Bg5
f6 9. Bc1 f5 10. exf5 gxf5 11. dxe5 dxe5 12. Qd5+ Qxd5 13. cxd5 Re8 14. O-O Bd7
15. Bc4 Kh8 16. Ng5 Bf8 17. Nf7+ Kg7 18. d6 cxd6 19. h3 Nf6 20. Bh6+ Kg6 21.
Bxf8 Rxf8 22. Nxd6 Nc6 23. Rfd1 Rab8 24. Rd3 f4 25. Nce4 Nxe4 26. Nxe4 Nd4 27.
Rdd1 Bf5 28. Bd3 Rfd8 29. Kf1 Rbc8 30. Rac1 b6 31. Ke1 Rxc1 32. Rxc1 Rd7 33.
Rc3 Kg7 34. f3 Bg6 35. Nf2 Re7 36. Be4 Ne6 37. Bxg6 hxg6 38. Ne4 Nd4 39. Kf2
Nf5 40. Rc6 Ne3 41. Nc3 Rd7 42. Ke2 Nf5 43. Re6 Nd4+ 0-1

[Event "4NCL Division Four"]
[Site "Daventry, ENG"]
[Date "2022.11.06"]
[Round "2.14"]
[White "Stayt, James N"]
[Black "Sharma, Rishan"]
[Result "1-0"]
[WhiteElo "1907"]
[BlackElo "1440"]
[PlyCount "47"]
[EventDate "2022.11.06"]
[WhiteTeam "CSC/Kingston 1"]
[BlackTeam "Anglian Avengers 2"]

1. e4 c5 2. c3 d5 3. exd5 Qxd5 4. d4 e6 5. Nf3 Nf6 6. a3 a5 7. Be3 Nbd7 8. h3
Qh5 9. Be2 Bd6 10. Ne5 Qf5 11. g4 Qe4 12. Bf3 Nxe5 13. Bxe4 Nxe4 14. dxe5 Nxf2
15. Bxf2 Be7 16. Nd2 Bd7 17. Qe2 Bc6 18. Rg1 O-O-O 19. O-O-O Rd7 20. Ne4 Rhd8
21. Rxd7 Rxd7 22. Rd1 Rxd1+ 23. Kxd1 Ba4+ 24. Ke1 1-0

[Event "4NCL Division Four"]
[Site "Daventry, ENG"]
[Date "2022.11.06"]
[Round "2.15"]
[White "Ferris, Oliver"]
[Black "Lawson, Maurice E"]
[Result "0-1"]
[WhiteElo "1371"]
[BlackElo "1965"]
[PlyCount "94"]
[EventDate "2022.11.06"]
[WhiteTeam "Anglian Avengers 2"]
[BlackTeam "CSC/Kingston 1"]

1. e4 c6 2. d4 d5 3. e5 Bf5 4. Bd3 Bxd3 5. Qxd3 e6 6. Nf3 Qa5+ 7. c3 Qa6 8.
Qxa6 Nxa6 9. O-O c5 10. a3 Rc8 11. b4 cxd4 12. cxd4 Ne7 13. h3 h5 14. Be3 Nf5
15. Nbd2 Be7 16. Rac1 Kd7 17. Nb3 b6 18. Rxc8 Rxc8 19. Rc1 Nxe3 20. Rxc8 Kxc8
21. fxe3 Kd7 22. b5 Nc7 23. a4 a6 24. bxa6 Nxa6 25. Kf2 Nb4 26. a5 b5 27. Ke2
Na6 28. Ne1 b4 29. Kd3 Kc6 30. Nc2 Kb5 31. Nca1 Bd8 32. Kc2 Bxa5 33. Nxa5 Kxa5
34. Kb3 h4 35. Nc2 Kb5 36. Ne1 Nb8 37. Nf3 Nc6 38. Nxh4 Na5+ 39. Kc2 Ka4 40.
Nf3 Nc4 41. g4 b3+ 42. Kb1 b2 43. Nd2 Ka3 44. Nxc4+ dxc4 45. h4 Kb3 46. h5 c3
47. d5 c2# 0-1

[Event "4NCL Division Four"]
[Site "Daventry, ENG"]
[Date "2022.11.06"]
[Round "2.16"]
[White "Vachtfeidl, Petr"]
[Black "Walker, Heather Enid"]
[Result "1-0"]
[WhiteElo "1877"]
[BlackElo "1200"]
[PlyCount "35"]
[EventDate "2022.11.06"]
[WhiteTeam "CSC/Kingston 1"]
[BlackTeam "Anglian Avengers 2"]

1. d4 Nf6 2. c4 g6 3. Nc3 d5 4. Nf3 Bg7 5. Qb3 c6 6. cxd5 cxd5 7. Bg5 h6 8.
Bxf6 Bxf6 9. Nxd5 Qa5+ 10. Qc3 Nc6 11. Qxa5 Nxa5 12. Nc7+ Kf8 13. Nxa8 Kg7 14.
e3 Bf5 15. Nc7 e6 16. Bb5 a6 17. Ne8+ Rxe8 18. Bxe8 1-0

[Event "4NCL Division Four"]
[Site "Daventry, ENG"]
[Date "2022.11.06"]
[Round "2.21"]
[White "Geue, Niklas"]
[Black "Adams, Mark"]
[Result "0-1"]
[WhiteElo "2159"]
[BlackElo "1998"]
[PlyCount "72"]
[EventDate "2022.11.06"]
[WhiteTeam "Average Wood Pushers A"]
[BlackTeam "The Full Ponty"]

1. d4 Nf6 2. c4 e6 3. g3 d5 4. Nf3 Bb4+ 5. Bd2 Be7 6. Bg2 O-O 7. O-O c6 8. Qc2
Re8 9. Bf4 Nbd7 10. Rd1 Ne4 11. Nc3 f5 12. cxd5 exd5 13. Nxd5 Bd6 14. Bxd6 Nxd6
15. Nf4 Nf6 16. Ne5 g5 17. Nh3 h6 18. f4 g4 19. Nf2 Be6 20. Rac1 Rc8 21. b3 Kg7
22. Nfd3 Nd5 23. Qd2 Nf6 24. e3 Nfe4 25. Qb2 h5 26. Nc5 Bd5 27. Nxe4 fxe4 28.
h3 Nf5 29. Kf2 h4 30. hxg4 hxg3+ 31. Ke2 Nh4 32. Rg1 Rxe5 33. dxe5 Bc4+ 34.
bxc4 Qd3+ 35. Ke1 Qxe3+ 36. Kf1 Qxf4+ 0-1

[Event "4NCL Division Four"]
[Site "Daventry, ENG"]
[Date "2022.11.06"]
[Round "2.22"]
[White "Perrett, David C"]
[Black "Rawlinson, Aidan M"]
[Result "1/2-1/2"]
[WhiteElo "1951"]
[BlackElo "2218"]
[PlyCount "62"]
[EventDate "2022.11.06"]
[WhiteTeam "The Full Ponty"]
[BlackTeam "Average Wood Pushers A"]

1. d4 g6 2. g3 Bg7 3. Bg2 Nf6 4. e4 d6 5. Ne2 O-O 6. h3 e5 7. O-O Nc6 8. Be3
Re8 9. d5 Nb8 10. Qd2 a5 11. c4 Nbd7 12. Nbc3 b6 13. b3 Nc5 14. Qc2 Bd7 15. a3
a4 16. b4 Nb3 17. Rad1 Qc8 18. Kh2 Qa6 19. b5 Qa5 20. Rb1 h5 21. Nc1 Nd4 22.
Qd3 Qa7 23. Bxd4 exd4 24. N3e2 Nxe4 25. Nxd4 Nc5 26. Qd1 Re7 27. Nc6 Bxc6 28.
dxc6 Rae8 29. Nd3 Ne4 30. Qc2 Nc3 31. Rbe1 Ne2 1/2-1/2

[Event "4NCL Division Four"]
[Site "Daventry, ENG"]
[Date "2022.11.06"]
[Round "2.23"]
[White "Kay, Lee P"]
[Black "Richmond, Peter"]
[Result "1/2-1/2"]
[WhiteElo "2059"]
[BlackElo "2013"]
[PlyCount "60"]
[EventDate "2022.11.06"]
[WhiteTeam "Average Wood Pushers A"]
[BlackTeam "The Full Ponty"]

1. d4 c5 2. dxc5 e6 3. Nc3 Bxc5 4. Ne4 b6 5. Nd6+ Bxd6 6. Qxd6 Qe7 7. Bf4 Qxd6
8. Bxd6 Bb7 9. O-O-O f5 10. e3 Nf6 11. f3 Nc6 12. Nh3 Rc8 13. Bd3 Nd8 14. Rhe1
Nf7 15. Ba3 Ne5 16. Kb1 Nxd3 17. cxd3 d5 18. d4 Kd7 19. Ng5 Rc7 20. Rc1 Rhc8
21. Rxc7+ Rxc7 22. Rc1 Rxc1+ 23. Kxc1 Ba6 24. Bf8 Bf1 25. g3 h6 26. Bxg7 hxg5
27. Bxf6 g4 28. fxg4 fxg4 29. Kd2 Bg2 30. Kc3 Kc6 1/2-1/2

[Event "4NCL Division Four"]
[Site "Daventry, ENG"]
[Date "2022.11.06"]
[Round "2.24"]
[White "Hughes, Anthony"]
[Black "Garcia-Ruiz Fuentes, Aitor"]
[Result "0-1"]
[WhiteElo "1946"]
[BlackElo "2059"]
[PlyCount "98"]
[EventDate "2022.11.06"]
[WhiteTeam "The Full Ponty"]
[BlackTeam "Average Wood Pushers A"]

1. c4 Nf6 2. Nc3 g6 3. g3 Bg7 4. Bg2 O-O 5. e4 d6 6. Nge2 c5 7. O-O Nc6 8. d3
a6 9. a4 Ne8 10. Be3 Nc7 11. d4 cxd4 12. Nxd4 Ne6 13. Nde2 Ne5 14. b3 Ng4 15.
Bc1 a5 16. Bb2 Nc5 17. Qc2 Be6 18. Rad1 Qb6 19. Nb5 Bxb2 20. Qxb2 Ne5 21. Nf4
g5 22. Nxe6 fxe6 23. Qd2 h6 24. Nd4 Rf6 25. Kh1 g4 26. Qe3 Raf8 27. f4 gxf3 28.
Nxf3 Ng4 29. Qd4 e5 30. Qd5+ Kh7 31. Rde1 Qxb3 32. Nh4 Ne3 33. Rxf6 Rxf6 34.
Qd2 Nxc4 35. Qe2 Qd3 36. Qh5 Qd2 37. Rd1 Qg5 38. Qe8 e6 39. Qb5 Qg4 40. Re1 Ne3
41. Qxa5 Nxg2 42. Kxg2 Rf7 43. Qd8 Nxe4 44. Kg1 d5 45. Qb8 Nxg3 46. hxg3 Qxg3+
47. Ng2 Qf2+ 48. Kh1 Rg7 49. Rg1 Qg3 0-1

[Event "4NCL Division Four"]
[Site "Daventry, ENG"]
[Date "2022.11.06"]
[Round "2.25"]
[White "Hilton, Tim"]
[Black "Davies, Peter"]
[Result "1-0"]
[WhiteElo "2020"]
[BlackElo "1888"]
[PlyCount "67"]
[EventDate "2022.11.06"]
[WhiteTeam "Average Wood Pushers A"]
[BlackTeam "The Full Ponty"]

1. c4 Nf6 2. Nc3 e6 3. e4 d6 4. d4 c5 5. d5 e5 6. g3 g6 7. Bg2 Bg7 8. Nge2 O-O
9. O-O Nh5 10. Be3 a6 11. Qd2 Bd7 12. a4 Qc8 13. Rab1 a5 14. Nb5 Bxb5 15. cxb5
f5 16. exf5 gxf5 17. f4 Nd7 18. Qc2 exf4 19. Nxf4 Nxf4 20. Bxf4 Bd4+ 21. Kh1
Ne5 22. Bh3 Qd7 23. Bh6 Ng4 24. Bxg4 fxg4 25. Bxf8 Rxf8 26. Rxf8+ Kxf8 27. Qe4
Qf7 28. Qf4 Qxf4 29. gxf4 Kf7 30. b3 Kf6 31. Re1 Kf5 32. Re7 Kxf4 33. Rxb7 h5
34. b6 1-0

[Event "4NCL Division Four"]
[Site "Daventry, ENG"]
[Date "2022.11.06"]
[Round "2.26"]
[White "Dixon, Chris"]
[Black "Hutchinson, Joel"]
[Result "1/2-1/2"]
[WhiteElo "1810"]
[BlackElo "1857"]
[PlyCount "41"]
[EventDate "2022.11.06"]
[WhiteTeam "The Full Ponty"]
[BlackTeam "Average Wood Pushers A"]

1. Nf3 f5 2. d3 Nf6 3. e4 fxe4 4. dxe4 e6 5. e5 Nd5 6. c4 Bb4+ 7. Bd2 Bxd2+ 8.
Qxd2 Ne7 9. Nc3 Nbc6 10. Bd3 b6 11. O-O O-O 12. Rad1 Nf5 13. Be4 Nfe7 14. Ng5
Rb8 15. Nxh7 Nxe5 16. Nxf8 Qxf8 17. b3 a6 18. Qg5 Qf6 19. Qg3 d6 20. Rfe1 Bd7
21. Rd2 1/2-1/2

[Event "4NCL Division Four"]
[Site "Daventry, ENG"]
[Date "2022.11.06"]
[Round "2.31"]
[White "Kothari, Jai"]
[Black "Smith, Mark"]
[Result "1/2-1/2"]
[WhiteElo "1908"]
[BlackElo "1902"]
[PlyCount "54"]
[EventDate "2022.11.06"]
[WhiteTeam "Guildford Young Guns"]
[BlackTeam "Barnet Knights C"]

1. d4 Nf6 2. Nc3 d5 3. Bf4 e6 4. e3 Bb4 5. f3 c5 6. Bb5+ Bd7 7. Bxd7+ Qxd7 8.
g4 Nc6 9. Nge2 cxd4 10. exd4 Na5 11. a3 Bd6 12. Qc1 Rc8 13. b3 a6 14. Qd2 Bxf4
15. Qxf4 Qc7 16. Qxc7 Rxc7 17. Kd2 O-O 18. h4 Rfc8 19. Rac1 b5 20. Nd1 Nc6 21.
Ne3 e5 22. g5 exd4 23. Nf5 Nh5 24. Nexd4 Ng3 25. Rhe1 Kf8 26. Rg1 Nxf5 27. Nxf5
g6 1/2-1/2

[Event "4NCL Division Four"]
[Site "Daventry, ENG"]
[Date "2022.11.06"]
[Round "2.32"]
[White "Bakacsi, Zsolt"]
[Black "Sachdeva, Ronit"]
[Result "1/2-1/2"]
[WhiteElo "1857"]
[BlackElo "1789"]
[PlyCount "61"]
[EventDate "2022.11.06"]
[WhiteTeam "Barnet Knights C"]
[BlackTeam "Guildford Young Guns"]

1. d4 d5 2. c4 c6 3. Nf3 Nf6 4. g3 g6 5. Bg2 Bg7 6. O-O O-O 7. b3 dxc4 8. bxc4
c5 9. Bb2 Qb6 10. Qb3 Nfd7 11. Nbd2 Nc6 12. e3 cxd4 13. Qxb6 Nxb6 14. Bxd4 Nxd4
15. exd4 Rd8 16. c5 Nd5 17. Nb3 Bd7 18. Rfe1 Bc6 19. Na5 Rac8 20. Nxc6 bxc6 21.
Rab1 e6 22. Rb7 Rc7 23. Rxc7 Nxc7 24. Ne5 Bxe5 25. dxe5 Nd5 26. Rb1 Rd7 27. Rb2
h5 28. h4 Rc7 29. Bf1 Kf8 30. Ba6 Ke7 31. Kg2 1/2-1/2

[Event "4NCL Division Four"]
[Site "Daventry, ENG"]
[Date "2022.11.06"]
[Round "2.33"]
[White "Sefton, Adam"]
[Black "Sanfey, Gregor"]
[Result "1-0"]
[WhiteElo "1606"]
[BlackElo "1767"]
[PlyCount "121"]
[EventDate "2022.11.06"]
[WhiteTeam "Guildford Young Guns"]
[BlackTeam "Barnet Knights C"]

1. d4 g6 2. Nf3 Bg7 3. Bf4 d6 4. e4 Bg4 5. Bc4 c6 6. h3 Bxf3 7. Qxf3 e6 8. c3
d5 9. Bd3 dxe4 10. Bxe4 Nf6 11. Nd2 Nxe4 12. Nxe4 O-O 13. h4 Qd5 14. h5 f5 15.
Ng5 Qxf3 16. Nxf3 Nd7 17. hxg6 hxg6 18. O-O-O Rfe8 19. Rhe1 c5 20. Ne5 Nxe5 21.
Bxe5 cxd4 22. Rxd4 Bxe5 23. Rxe5 Kf7 24. Rc5 Re7 25. Kd2 Rh8 26. Ke3 g5 27.
Rdc4 Rhe8 28. g4 Kf6 29. f4 e5 30. fxg5+ Kxg5 31. gxf5 Kxf5 32. Rf4+ Ke6 33.
Rh4 Kd6 34. b4 Re6 35. Rh7 R6e7 36. Rxe7 Rxe7 37. Ke4 Rh7 38. Rd5+ Kc6 39. Rxe5
b5 40. Re6+ Kb7 41. Kd5 Rh5+ 42. Re5 Rh3 43. Kc5 Rxc3+ 44. Kxb5 Ra3 45. Re7+
Kc8 46. Re2 Kb7 47. Kc4 Kb6 48. b5 a6 49. Kb4 Rh3 50. Re6+ Kb7 51. Rxa6 Rh4+
52. Ka5 Rh5 53. a4 Kb8 54. Rg6 Rh7 55. b6 Kb7 56. Rg5 Ka8 57. Kb5 Kb7 58. a5
Rh8 59. Rg7+ Ka8 60. Ka6 Rb8 61. Ra7# 1-0

[Event "4NCL Division Four"]
[Site "Daventry, ENG"]
[Date "2022.11.06"]
[Round "2.34"]
[White "Bloom, Paul"]
[Black "Butcher, Nathaniel"]
[Result "1-0"]
[WhiteElo "1737"]
[BlackElo "1450"]
[PlyCount "59"]
[EventDate "2022.11.06"]
[WhiteTeam "Barnet Knights C"]
[BlackTeam "Guildford Young Guns"]

1. e4 c5 2. Be2 Nc6 3. f4 d6 4. Nf3 Bg4 5. c3 Bxf3 6. Bxf3 e5 7. d3 Be7 8. O-O
Qb6 9. Kh1 Nf6 10. Na3 Qa6 11. Be2 b5 12. Qe1 exf4 13. Bxf4 Ne5 14. d4 Nc4 15.
Nxc4 bxc4 16. b3 cxd4 17. cxd4 d5 18. exd5 Nxd5 19. Bxc4 Qe6 20. Qa5 Rd8 21.
Rae1 Qb6 22. Qxb6 axb6 23. Bg3 Nc3 24. Rxf7 Rd7 25. Bh4 Rxd4 26. Rfxe7+ Kd8 27.
R7e4+ Kc7 28. Rxd4 Rf8 29. Bg3+ Kc8 30. Ba6# 1-0

[Event "4NCL Division Four"]
[Site "Daventry, ENG"]
[Date "2022.11.06"]
[Round "2.35"]
[White "Twisk, Sebastian"]
[Black "Page, Thomas"]
[Result "1-0"]
[WhiteElo "1500"]
[BlackElo "1677"]
[PlyCount "85"]
[EventDate "2022.11.06"]
[WhiteTeam "Guildford Young Guns"]
[BlackTeam "Barnet Knights C"]

1. e4 c5 2. c3 e6 3. d4 d5 4. exd5 exd5 5. Nf3 Nc6 6. Bb5 Bg4 7. Be3 Qb6 8.
Bxc6+ bxc6 9. Qe2 c4 10. Bc1+ Be7 11. O-O O-O-O 12. Nbd2 Bd6 13. b3 cxb3 14.
axb3 Nf6 15. Bb2 Rhe8 16. Qd3 Kb7 17. c4 Bb4 18. Bc3 Bf5 19. Qxf5 Bxc3 20. c5
Qb5 21. Rac1 Bxd2 22. Nxd2 Re7 23. Nf3 h6 24. Ne5 Kc7 25. Ra1 a5 26. Qf4 Kb7
27. Rfb1 Ka6 28. Nc4 a4 29. Rxa4+ Kb7 30. Nd6+ Rxd6 31. cxd6 Re2 32. d7 Nxd7
33. Qxf7 c5 34. Qxd5+ Kb6 35. Qd6+ Kb7 36. Rba1 Kc8 37. Ra8+ Nb8 38. Rc1 c4 39.
Rxb8+ Qxb8 40. Rxc4+ Kb7 41. Rb4+ Ka7 42. Qxb8+ Ka6 43. Qb6# 1-0

[Event "4NCL Division Four"]
[Site "Daventry, ENG"]
[Date "2022.11.06"]
[Round "2.36"]
[White "Banerjee, Supratit"]
[Black "Jennis, Alistair"]
[Result "1-0"]
[WhiteElo "1683"]
[BlackElo "1050"]
[PlyCount "73"]
[EventDate "2022.11.06"]
[WhiteTeam "Barnet Knights C"]
[BlackTeam "Guildford Young Guns"]

1. e4 e5 2. Nf3 Nc6 3. Bc4 Bc5 4. c3 Bb6 5. d4 d6 6. dxe5 dxe5 7. Qxd8+ Nxd8 8.
Nxe5 Ne6 9. a4 a5 10. Bb5+ c6 11. Nxc6 Bd7 12. Ne5 Bxb5 13. axb5 Nf6 14. f3 O-O
15. Na3 Bc7 16. Nec4 Nc5 17. O-O Nb3 18. Rb1 b6 19. Be3 Rab8 20. Rbd1 Nh5 21.
Rd7 Rfc8 22. Rfd1 h6 23. g4 Nf6 24. Rxc7 Rxc7 25. Bf4 Rcb7 26. Bxb8 Rxb8 27.
Rd6 Nc1 28. Rxb6 Rd8 29. Rd6 Nd7 30. Nb6 Ne2+ 31. Kf2 Nf4 32. Nxd7 Rxd7 33.
Rxd7 g5 34. b6 Kg7 35. b7 Kg6 36. b8=Q f6 37. Qe8# 1-0

[Event "4NCL Division Four"]
[Site "Daventry, ENG"]
[Date "2022.11.06"]
[Round "2.41"]
[White "Staples, Neil"]
[Black "Maton, Emily"]
[Result "1/2-1/2"]
[WhiteElo "1786"]
[BlackElo "1642"]
[PlyCount "75"]
[EventDate "2022.11.06"]
[WhiteTeam "Oxford 3"]
[BlackTeam "She Plays To Win Lionesses"]

1. c4 c5 2. b3 Nc6 3. Bb2 e5 4. g3 d6 5. Bg2 f5 6. e3 Nb4 7. d3 Nf6 8. a3 Nc6
9. Ne2 Be7 10. Nbc3 O-O 11. O-O Qe8 12. Nd5 Qh5 13. Nec3 Qh6 14. b4 Bd8 15. Rb1
f4 16. exf4 Ng4 17. h3 Nf6 18. fxe5 Nxe5 19. Bc1 Qg6 20. Bf4 Nxd5 21. Bxe5 Nxc3
22. Bxc3 Bb6 23. Qd2 Bf5 24. Rbd1 Rf7 25. b5 Re7 26. Rde1 Rae8 27. Rxe7 Rxe7
28. Re1 Rxe1+ 29. Qxe1 Bxd3 30. Bd5+ Kf8 31. Qe3 Bc2 32. Qf4+ Qf5 33. Qxf5+
Bxf5 34. g4 Bd3 35. f3 Bd8 36. f4 b6 37. Kf2 Bh4+ 38. Kg2 1/2-1/2

[Event "4NCL Division Four"]
[Site "Daventry, ENG"]
[Date "2022.11.06"]
[Round "2.42"]
[White "Chan, Michelle (Ngo Yu)"]
[Black "Curran, David P"]
[Result "0-1"]
[WhiteElo "1558"]
[BlackElo "1796"]
[PlyCount "68"]
[EventDate "2022.11.06"]
[WhiteTeam "She Plays To Win Lionesses"]
[BlackTeam "Oxford 3"]

1. e4 c6 2. d4 d5 3. Nc3 dxe4 4. Nxe4 Nd7 5. Nf3 Ngf6 6. Ng3 e6 7. Bd3 c5 8.
O-O cxd4 9. Nxd4 Be7 10. Re1 O-O 11. Be3 Ne5 12. Be2 Bd7 13. Nb5 a6 14. Nd6 Bc6
15. Bc5 Qc7 16. f4 Bxg2 17. Kxg2 Qxc5 18. fxe5 Qxe5 19. Nc4 Qc5 20. Bd3 Rad8
21. Ne5 Bd6 22. Nf3 Ng4 23. Qe2 Bf4 24. Qe4 Rxd3 25. cxd3 Qf2+ 26. Kh3 Nxh2 27.
Qxf4 Nxf3 28. Rf1 Ng1+ 29. Kg4 f5+ 30. Kh5 Qh2+ 31. Qh4 g6+ 32. Kg5 Nh3+ 33.
Kh6 Qd2+ 34. Rf4 Nxf4 0-1

[Event "4NCL Division Four"]
[Site "Daventry, ENG"]
[Date "2022.11.06"]
[Round "2.43"]
[White "Wilson, Edgar"]
[Black "Jayawarna, Thisumi"]
[Result "1-0"]
[WhiteElo "1862"]
[BlackElo "1478"]
[PlyCount "37"]
[EventDate "2022.11.06"]
[WhiteTeam "Oxford 3"]
[BlackTeam "She Plays To Win Lionesses"]

1. e4 c5 2. Nf3 e6 3. d4 cxd4 4. Nxd4 Nc6 5. Nc3 Qc7 6. Be2 a6 7. O-O Nf6 8.
Be3 Be7 9. Kh1 O-O 10. f4 d6 11. Qe1 Bd7 12. Qg3 Rfe8 13. Rad1 b5 14. e5 dxe5
15. fxe5 Nd5 16. Nxd5 exd5 17. e6 Rec8 18. exd7 Qxd7 19. Bg4 1-0

[Event "4NCL Division Four"]
[Site "Daventry, ENG"]
[Date "2022.11.06"]
[Round "2.44"]
[White "Jayawarna, Tarini"]
[Black "Blinov, Roman"]
[Result "1/2-1/2"]
[WhiteElo "1524"]
[BlackElo "1860"]
[PlyCount "80"]
[EventDate "2022.11.06"]
[WhiteTeam "She Plays To Win Lionesses"]
[BlackTeam "Oxford 3"]

1. e4 c6 2. d4 d5 3. Nc3 h6 4. Nf3 Nf6 5. e5 Ne4 6. Bd3 Bf5 7. Bf4 Nxc3 8. bxc3
Bxd3 9. Qxd3 e6 10. c4 Nd7 11. O-O Be7 12. Rfb1 Rb8 13. a4 O-O 14. Rb2 Qc7 15.
Rab1 Rfd8 16. cxd5 cxd5 17. Rb3 Rdc8 18. R1b2 Nb6 19. Ra2 Nc4 20. Nd2 b6 21.
Qh3 Kh7 22. Qh5 Nxd2 23. Bxd2 Bf8 24. Rg3 g6 25. Qh4 Bg7 26. Bxh6 Rh8 27. Bxg7+
Kxg7 28. Qf6+ Kg8 29. h3 Qc4 30. Raa3 Qxc2 31. Rac3 Qb1+ 32. Kh2 Qf5 33. Qxf5
exf5 34. Rc7 Rh4 35. e6 fxe6 36. Rxg6+ Kh8 37. Rxe6 a5 38. Ree7 Rxd4 39. Rh7+
Kg8 40. Rhg7+ Kh8 1/2-1/2

[Event "4NCL Division Four"]
[Site "Daventry, ENG"]
[Date "2022.11.06"]
[Round "2.45"]
[White "Cole, Graham"]
[Black "Acharya, Kandara"]
[Result "1-0"]
[WhiteElo "1737"]
[BlackElo "1502"]
[PlyCount "63"]
[EventDate "2022.11.06"]
[WhiteTeam "Oxford 3"]
[BlackTeam "She Plays To Win Lionesses"]

1. e4 c5 2. Nf3 g6 3. d4 cxd4 4. Nxd4 Nc6 5. Nc3 Bg7 6. Be3 Nf6 7. Nxc6 bxc6 8.
e5 Ng8 9. f4 Nh6 10. Qd2 O-O 11. O-O-O f6 12. Bc4+ Kh8 13. Rhe1 Nf5 14. Bf2
fxe5 15. Rxe5 Bxe5 16. fxe5 Qa5 17. g4 Ng7 18. Qe3 Qb4 19. b3 Qa3+ 20. Kb1 Ba6
21. Bxa6 Qxa6 22. Kb2 Qb7 23. Ne4 Ne6 24. h4 Kg7 25. h5 a5 26. a4 Rac8 27. Rh1
Rh8 28. Bh4 Kf7 29. Qf3+ Ke8 30. Nd6+ exd6 31. Qf6 g5 32. exd6 1-0

[Event "4NCL Division Four"]
[Site "Daventry, ENG"]
[Date "2022.11.06"]
[Round "2.46"]
[White "Karpe, Reya"]
[Black "Neatherway, A Philip"]
[Result "0-1"]
[WhiteElo "1341"]
[BlackElo "1823"]
[PlyCount "70"]
[EventDate "2022.11.06"]
[WhiteTeam "She Plays To Win Lionesses"]
[BlackTeam "Oxford 3"]

1. d4 Nf6 2. c4 g6 3. Nc3 d5 4. Nf3 Bg7 5. Bg5 Ne4 6. Bh4 Nxc3 7. bxc3 O-O 8.
cxd5 Qxd5 9. e3 e6 10. Be2 Nd7 11. O-O c6 12. Nd2 e5 13. Bc4 Qa5 14. Be7 Re8
15. Bb4 Qc7 16. Ne4 Nb6 17. Bd3 Be6 18. Qf3 Rad8 19. Nf6+ Bxf6 20. Qxf6 Nd5 21.
Qh4 Nxb4 22. cxb4 exd4 23. exd4 Qd6 24. a3 Qxd4 25. Qxd4 Rxd4 26. Rad1 Bb3 27.
Rde1 Rxe1 28. Rxe1 Rxd3 29. g3 Rd1 30. Rxd1 Bxd1 31. Kf1 Kg7 32. Ke1 Bf3 33.
Kd2 Kf6 34. Ke3 Bd5 35. Kf4 b6 0-1